• 首页
  • 本馆介绍
  • 公告通知
  • 最新文献
  • 馆藏检索
  • 电子资源
  • 读者导购
  • 参考咨询
  • 我的图书馆
  • 登录
  • 详细信息显示
  • 放入我的书架
  • 预约/预借图书
  • 作者相关作品
  • 分类相关作品
  • 丛书相关作品
  • 出版社相关作品

书目信息

  • 表格格式
  • 工作单格式
  • 卡片格式
题名:
视唱练耳
    
 
作者: 魏季鸣 主编
分册: 二  
出版信息: 武汉   华中师范大学出版社有限责任公司  2019
页数: 164页
开本: 31cm
丛书名:
单 册:
中图分类: J613.1
科图分类:
主题词: 视唱练耳--高等学校--教材
电子资源:
ISBN: 978-7-5622-8334-8
000 01058nam0 2200265 450
001 012001006188
005 20191023141255.14
010    @a978-7-5622-8334-8@dCNY38.00
100    @a20190701d2019 em y0chiy50 ea
101 0  @achi
102    @aCN@b420000
105    @ag z 000yy
106    @ar
200 1  @a视唱练耳@9shi chang lian er@h二@b专著@f魏季鸣[等]主编
205    @a2版
210    @a武汉@c华中师范大学出版社有限责任公司@d2019
215    @a164页@d31cm
300    @a高等院校音乐课程“十三五”规划立体教材/韩勋国, 陈永总主编
304    @a主编还有: 杨传红、付晓芳、周友良
330    @a本书包括两个单元:第三单元,基于音乐作品的听觉训练;第四单元,复杂调性及无调性训练。课时及内容安排针对综合大学音乐专业学生特点,在内容设计上除了继承前面版本的优点外,注意采用精唱与泛唱结合,视唱与练耳结合,视唱练耳与乐理、和声结合等方式,让教材更符合教学需要,更具操作性。
606 0  @a视唱练耳@x高等学校@j教材
690    @aJ613.1@v5
701  0 @a魏季鸣@9wei ji ming@4主编
801  2 @aCN@b上海新华@c20191020
905    @b1099079-82@dJ613.1@e1034:2=2@f4
    
    视唱练耳.二/魏季鸣[等]主编.-2版.-武汉:华中师范大学出版社有限责任公司,2019
    164页;31cm
    高等院校音乐课程“十三五”规划立体教材/韩勋国, 陈永总主编
    
    ISBN 978-7-5622-8334-8:CNY38.00
    本书包括两个单元:第三单元,基于音乐作品的听觉训练;第四单元,复杂调性及无调性训练。课时及内容安排针对综合大学音乐专业学生特点,在内容设计上除了继承前面版本的优点外,注意采用精唱与泛唱结合,视唱与练耳结合,视唱练耳与乐理、和声结合等方式,让教材更符合教学需要,更具操作性。
●
相关链接 在E读中查询图书 在五车中查询图书 在当当中查询图书 在豆瓣中查询图书


正题名:视唱练耳     索取号:J613.1/1034:2=2         预约/预借

序号 登录号 条形码 馆藏地/架位号 状态 备注
1 1099079   210990793   第一样本阅览室/ [索取号:J613.1/1034:2=2] 在馆    
2 1099080   210990800   第一借阅区/ [索取号:J613.1/1034:2=2] 在馆    
3 1099081   210990819   第一借阅区/ [索取号:J613.1/1034:2=2] 在馆    
4 1099082   210990828   第一借阅区/ [索取号:J613.1/1034:2=2] 在馆    
唐山师范学院图书馆 欢迎您!
大连网信软件有限公司© 版权所有